000 00324nam a22001337a 4500
008 181023b xxu||||| |||| 00| 0 eng d
020 _a9780935637229
041 _aeng
080 _a370
100 _a45
101 _aEDU
245 _a100 tHINGS eVERY College Freshman Ought To Know
_cWilliam.D
942 _2udc
_cBK
999 _c50762
_d50762